000 00505nam a2200181Ia 4500
003 GCL
008 140319s9999 xx 000 0 ara d
040 _aGCL /
_cGCL
082 0 4 _aط
_b372.210
_bع ن
100 1 _aعمر الصاوى
245 1 0 _aنحن والالوان /
_cعمر الصاوى
300 _a14 ص
490 _aالهيئة العامة للاستعلامات
_v0
650 0 4 _aالاطفال
650 0 4 _aتعليم الاطفال
650 0 4 _aالالوان
942 _2ddc
_cBK
999 _c51262
_d51262